Hydrology and water quantity control / (Record no. 14113)
[ view plain ]
| 000 -LEADER | |
|---|---|
| fixed length control field | 00409nam a22001698a 4500 |
| 020 ## - INTERNATIONAL STANDARD BOOK NUMBER | |
| ISBN | 0471624047 |
| 040 ## - CATALOGING SOURCE | |
| Transcribing agency | DLC |
| 082 ## - DEWEY DECIMAL CLASSIFICATION NUMBER | |
| Classification number | 551 WIL 1990 A057 Or. |
| 100 1# - MAIN ENTRY--AUTHOR NAME | |
| Personal name | Wanielista, Martin P |
| 245 10 - TITLE STATEMENT | |
| Title | Hydrology and water quantity control / |
| 260 ## - PUBLICATION, DISTRIBUTION, ETC. (IMPRINT) | |
| Place of publication | New York : |
| Name of publisher | Wiley, |
| Year of publication | c1990 |
| 300 ## - PHYSICAL DESCRIPTION | |
| Number of Pages | 2 v. : |
| Other physical details | ill. ; |
| Dimensions | 25 cm |
| 650 #0 - SUBJECT ADDED ENTRY--TOPICAL TERM | |
| Topical Term | Water-supply |
| 650 #0 - SUBJECT ADDED ENTRY--TOPICAL TERM | |
| Topical Term | Hydrology |
| 650 #0 - SUBJECT ADDED ENTRY--TOPICAL TERM | |
| Topical Term | Runoff |
| 942 ## - ADDED ENTRY ELEMENTS (KOHA) | |
| Koha item type | សៀវភៅភាសាអង់គ្លេស |
| 952 ## - LOCATION AND ITEM INFORMATION (KOHA) | |
| Withdrawn status [LOCAL, KOHA] | 0 |
| Permanent Location | Date acquired | Koha item type | Lost status | Shelving location | Barcode | Current Location | Full call number |
|---|---|---|---|---|---|---|---|
| Library Block A | 2017-10-06 | សៀវភៅភាសាអង់គ្លេស | A057 | A22574 | Library Block A | 551 WIL 1990 A057 Or. |